Marques de voiture - Statistiques

Statistiques générales
  • Ce quiz a été pris 160 fois
  • Le résultat moyen est 23 sur 47
Statistiques - réponses
Réponse % Correct
BMW
91%
mercedes
89%
renault
89%
peugeot
87%
audi
84%
Ferrari
83%
fiat
76%
Lamborghini
76%
porsche
71%
ford
70%
honda
70%
volkswagen
65%
nissan
64%
opel
62%
hyundai
61%
chevrolet
57%
kia
57%
citroen
56%
Aston martin
55%
dacia
55%
alfa romeo
54%
volvo
54%
tesla
53%
seat
50%
skoda
50%
Suzuki
49%
rolls royce
46%
Bentley
43%
land rover
43%
mini
42%
alpine
41%
Maserati
41%
dodge
39%
Mitsubishi
38%
jaguar
35%
McLaren
34%
cadillac
33%
Lexus
32%
jeep
31%
smart
30%
ds
27%
lotus
23%
mg
15%
hummer
14%
ligier
6%
triumph
6%
aixam
3%
Aucun quiz correspondant
Distribution des résultats
% des personnes avec chaque résultat
Percentile par nombre de réponses
Votre historique - résultats
Vous n’avez pas pris ce quiz